Catalog

Record Details

Catalog Search



Available copies

  • 1 of 1 copy available at LARL/NWRL Consortium.

Current holds

0 current holds with 1 total copy.

Show Only Available Copies
Location Call Number / Copy Notes Barcode Shelving Location Status Due Date
Greenbush Public Library GOH (Text) 35500003950639 Main Available -

Record details

  • ISBN: 0802499732
  • ISBN: 9780802499738
  • Physical Description: 250 p. ; 22 cm.
  • Publisher: Chicago, IL : Moody Publishers, c2006.
Subject: Underground Railroad > Fiction.
Maryland > History > 1775-1865 > Fiction.
Genre: Christian fiction.
LDR 00823cam a2200241 a 4500
00174943
003LARL_NWRL_CONSORTIUM
00520061102132026.0
008060626s2006 ilu 000 1 eng
010 . ‡a2006021081
020 . ‡a0802499732
020 . ‡a9780802499738
040 . ‡aDLC ‡cDLC ‡dIG# ‡dBAKER ‡dDLC
043 . ‡an-us-md
08200. ‡a813/.6 ‡222
1001 . ‡aGohlke, Cathy. ‡0(LARL_NWRL_CONSORTIUM)196077
24510. ‡aWilliam Henry is a fine name / ‡cCathy Gohlke.
260 . ‡aChicago, IL : ‡bMoody Publishers, ‡cc2006.
300 . ‡a250 p. ; ‡c22 cm.
650 0. ‡aUnderground Railroad ‡vFiction.
651 0. ‡aMaryland ‡xHistory ‡y1775-1865 ‡vFiction.
655 7. ‡aChristian fiction. ‡2gsafd
901 . ‡a74943 ‡bISxN ‡c74943 ‡tbiblio

Additional Resources